[Event "GER-ch U18 sf Berlin Online"]
[Site "Playchess.com INT"]
[Date "2020.05.01"]
[Round "4"]
[White "Ermitsch, Magnus"]
[Black "Danchishin, Kirill"]
[Result "1-0"]
[WhiteElo "1819"]
[BlackElo "1620"]
[PlyCount "33"]
[EventDate "2020.05.01"]
[EventType "swiss (blitz)"]
[EventRounds "13"]
[EventCountry "GER"]
[SourceTitle "CBM 195 Extra"]
[Source "ChessBase"]
[SourceDate "2020.05.31"]
[SourceVersion "1"]
[SourceVersionDate "2020.05.31"]
[SourceQuality "1"]

1. e4 e5 2. Nf3 Nf6 3. Nxe5 d6 4. Nf3 Nxe4 5. c4 Nc6 6. Nc3 Nxc3 7. bxc3 Be6 8. d4 d5 9. c5 Be7 10. Bd3 0-0 11. 0-0 b6 12. Ba3 bxc5 13. Bxc5 Bxc5 14. dxc5 d4 15. cxd4 Nxd4 16. Nxd4 Qxd4 17. Bxh7+ 1-0

[Event "GER-ch U18 sf Berlin Online"]
[Site "Playchess.com INT"]
[Date "2020.05.01"]
[Round "8"]
[White "Fock, Sana"]
[Black "Danchishin, Kirill"]
[Result "1-0"]
[WhiteElo "1697"]
[BlackElo "1620"]
[PlyCount "43"]
[EventDate "2020.05.01"]
[EventType "swiss (blitz)"]
[EventRounds "13"]
[EventCountry "GER"]
[SourceTitle "CBM 195 Extra"]
[Source "ChessBase"]
[SourceDate "2020.05.31"]
[SourceVersion "1"]
[SourceVersionDate "2020.05.31"]
[SourceQuality "1"]

1. e4 c5 2. Nc3 Nc6 3. f4 e6 4. Nf3 Nge7 5. Bb5 a6 6. Be2 g6 7. 0-0 Bg7 8. Qe1 0-0 9. a4 Nd4 10. Bd1 Nxf3+ 11. Rxf3 d5 12. d3 d4 13. Ne2 Bd7 14. Rh3 e5 15. f5 gxf5 16. Qh4 h6 17. Bxh6 Ng6 18. Qh5 Qf6 19. Bg5 Bh6 20. Bxf6 fxe4 21. Qxh6 Bxh3 22. Qg7# 1-0

[Event "Stein am Rhein op 11th"]
[Site "Stein am Rhein"]
[Date "2020.02.08"]
[Round "3"]
[White "Wagner, Andreas1111"]
[Black "Danchishin, Kirill"]
[Result "0-1"]
[WhiteElo "1390"]
[BlackElo "1599"]
[PlyCount "78"]
[EventDate "2020.02.07"]
[EventType "swiss"]
[EventRounds "5"]
[EventCountry "SUI"]
[SourceTitle "CBM 195 Extra"]
[Source "ChessBase"]
[SourceDate "2020.05.31"]
[SourceVersion "1"]
[SourceVersionDate "2020.05.31"]
[SourceQuality "1"]

1. d4 d5 2. Bf4 Nf6 3. e3 e6 4. Nf3 c5 5. dxc5 Bxc5 6. Bd3 Nc6 7. c3 Qe7 8. Ne5 0-0 9. 0-0 Nxe5 10. Bxe5 Bd6 11. Bxd6 Qxd6 12. Qe2 b6 13. e4 dxe4 14. Bxe4 Nxe4 15. Qxe4 Ba6 16. Re1 Rfd8 17. Na3 Qd5 18. Qxd5 Rxd5 19. Rad1 Rad8 20. Rc1 Rd2 21. Nc2 Bd3 22. Nd4 Bg6 23. Re2 Rxe2 24. Nxe2 Rd2 25. Kf1 Bd3 26. Re1 Rxb2 27. f3 Rxa2 28. Kf2 Rxe2+ 29. Rxe2 Bxe2 30. Kxe2 Kf8 31. Kd3 Ke7 32. Kd4 Kd6 33. h3 f5 34. h4 h6 35. g4 e5+ 36. Kc4 fxg4 37. fxg4 g5 38. hxg5 hxg5 39. Kd3 a5 0-1